000 00477nam a2200169Ia 4500
003 GCL
008 140319s9999 xx 000 0 ara d
040 _aGCL /
_cGCL
082 0 4 _a759.962
_bم ا
100 1 _aمصطفى الجمال
245 1 0 _aاحمد صبرى /
_cمصطفى الجمال
490 _aمن اعلام الفنانين العرب
_v0
650 0 4 _aالفنانون
650 0 4 _aالفن الحديث
650 0 4 _aاحمد صبرى
942 _2ddc
_cBK
999 _c44466
_d44466